[Event "BCF-chT2b 1920 (4NCL)"]
[Site "Daventry"]
[Date "2020.03.01"]
[Round "2.53"]
[White "Modi, Kishan Jagdish"]
[Black "Rose, Matthew"]
[Result "0-1"]
[WhiteElo "1972"]
[BlackElo "2248"]
[PlyCount "86"]
[EventDate "2020.01.11"]
[EventType "team-tourn"]
[EventRounds "11"]
[EventCountry "ENG"]
[SourceTitle "CBM 195 Extra"]
[Source "ChessBase"]
[SourceDate "2020.05.31"]
[SourceVersion "1"]
[SourceVersionDate "2020.05.31"]
[SourceQuality "1"]
[WhiteTeam "Grantham Sharks II"]
[BlackTeam "Oxford"]
[WhiteTeamCountry "ENG"]
[BlackTeamCountry "ENG"]

1. e4 c5 2. b3 Nc6 3. Bb2 Nf6 4. Nc3 e6 5. Nf3 Be7 6. h3 0-0 7. e5 Nd5 8. Nxd5 exd5 9. d4 cxd4 10. Bd3 Bb4+ 11. Kf1 Re8 12. Nxd4 d6 13. a3 Nxd4 14. axb4 dxe5 15. Bxd4 exd4 16. Qh5 g6 17. Qh6 Re5 18. Qf4 Qe7 19. Qxd4 Qf6 20. c3 Bf5 21. Bxf5 Qxf5 22. Kg1 Re4 23. Qd2 Rae8 24. Rxa7 d4 25. Ra5 Qf6 26. Rc5 Qd6 27. g3 d3 28. Kg2 b6 29. Rc4 Rxc4 30. bxc4 Qc6+ 31. Kh2 Qxc4 32. Rd1 Rd8 33. h4 h5 34. Qe3 Qxc3 35. Qxb6 Rd4 36. Qc5 Qb2 37. Rd2 Rxh4+ 38. gxh4 Qxd2 39. Qd4 Qe2 40. Qd8+ Kh7 41. Qf6 Qe6 42. Qd4 Qg4 43. Qf6 Qd7 0-1

[Event "BCF-chT2b 1920 (4NCL)"]
[Site "Daventry"]
[Date "2020.01.11"]
[Round "3.52"]
[White "Yoon, Jacob D"]
[Black "Rose, Matthew"]
[Result "0-1"]
[WhiteElo "2091"]
[BlackElo "2248"]
[PlyCount "62"]
[EventDate "2020.01.11"]
[EventType "team-tourn"]
[EventRounds "11"]
[EventCountry "ENG"]
[SourceTitle "CBM 194 Extra"]
[Source "ChessBase"]
[SourceDate "2020.03.31"]
[SourceVersion "1"]
[SourceVersionDate "2020.03.31"]
[SourceQuality "1"]
[WhiteTeam "KJCA Kings"]
[BlackTeam "Oxford"]
[WhiteTeamCountry "ENG"]
[BlackTeamCountry "ENG"]

1. e4 c5 2. Nf3 d6 3. c3 Nf6 4. Be2 Nbd7 5. Qc2 b6 6. 0-0 Bb7 7. d3 g6 8. Re1 Bg7 9. Bf1 Rc8 10. h3 0-0 11. a3 Qc7 12. b4 a6 13. Bb2 b5 14. Nbd2 Nb6 15. c4 Na4 16. bxc5 Nxb2 17. cxd6 exd6 18. Qxb2 Nxe4 19. d4 Nxd2 20. Nxd2 Qb8 21. c5 dxc5 22. Qc2 cxd4 23. Qd1 d3 24. Rb1 Bd4 25. Ne4 Rfd8 26. Bxd3 f5 27. Ng5 Bxf2+ 28. Kh1 Bxe1 29. Qxe1 Rxd3 30. Qe7 Bxg2+ 31. Kxg2 Rd2+ 0-1

[Event "BCF-chT1d 1617 (4NCL) Demotion pool"]
[Site "England"]
[Date "2017.05.01"]
[Round "11.64"]
[White "Rose, Matthew"]
[Black "Haussernot, Cecile"]
[Result "1-0"]
[WhiteElo "2265"]
[BlackElo "2084"]
[PlyCount "41"]
[EventDate "2016.11.19"]
[EventType "team-tourn"]
[EventRounds "4"]
[EventCountry "ENG"]
[SourceTitle "EXT 2018"]
[Source "ChessBase"]
[SourceDate "2017.10.13"]
[SourceVersion "1"]
[SourceVersionDate "2017.10.13"]
[SourceQuality "1"]
[WhiteTeam "Oxford"]
[BlackTeam "Celtic Tigers"]
[WhiteTeamCountry "ENG"]
[BlackTeamCountry "ENG"]

1. e4 c5 2. a3 Nf6 3. e5 Nd5 4. c4 Nc7 5. b4 d6 6. exd6 Qxd6 7. Nf3 Bg4 8. Bb2 Nc6 9. Be2 0-0-0 10. 0-0 Ne6 11. Qa4 Nf4 12. Bd1 e5 13. b5 e4 14. Ng5 Bxd1 15. Qxd1 Ne5 16. Bxe5 Qxe5 17. Nxf7 Qxa1 18. Qg4+ Rd7 19. Nc3 Qb2 20. Ne5 Qxd2 21. Nd5 1-0

[Event "BCF-chT1b 1415 (4NCL)"]
[Site "England"]
[Date "2015.01.11"]
[Round "4.185"]
[White "Rose, Matthew"]
[Black "Eckersley Waites, Adam"]
[Result "1/2-1/2"]
[WhiteElo "2309"]
[BlackElo "2268"]
[PlyCount "75"]
[EventDate "2014.11.15"]
[EventType "team-swiss"]
[EventRounds "11"]
[EventCountry "ENG"]
[SourceTitle "EXT 2016"]
[Source "ChessBase"]
[SourceDate "2015.10.08"]
[SourceVersion "1"]
[SourceVersionDate "2015.10.08"]
[SourceQuality "1"]
[WhiteTeam "Oxford"]
[BlackTeam "Cambridge"]
[WhiteTeamCountry "ENG"]
[BlackTeamCountry "ENG"]

1. e4 c5 2. c3 Nf6 3. e5 Nd5 4. d4 e6 5. Nf3 cxd4 6. cxd4 d6 7. Bc4 Nc6 8. 0-0 Be7 9. exd6 Qxd6 10. Nc3 0-0 11. Bd3 Rd8 12. Ne4 Qc7 13. Nfg5 f5 14. Qh5 Bxg5 15. Nxg5 Nf6 16. Qh3 Nxd4 17. Rd1 e5 18. Bd2 b5 19. Rac1 Qb7 20. Ba5 Rd7 21. Bc3 h6 22. Bxd4 Rxd4 23. Nf3 f4 24. Bf5 Bxf5 25. Qxf5 Rxd1+ 26. Rxd1 e4 27. Ne5 Re8 28. Nd7 Qc6 29. Qg6 Rd8 30. Nxf6+ Qxf6 31. Rxd8+ Qxd8 32. Qe6+ Kh8 33. h3 Qd1+ 34. Kh2 Qd4 35. Qc8+ Kh7 36. Qf5+ Kg8 37. Qxf4 Qxb2 38. Qb8+ 1/2-1/2

[Event "BCF-chT1b 1415 (4NCL)"]
[Site "England"]
[Date "2015.01.10"]
[Round "3.173"]
[White "Sowray, Peter John"]
[Black "Rose, Matthew"]
[Result "1-0"]
[WhiteElo "2308"]
[BlackElo "2309"]
[PlyCount "105"]
[EventDate "2014.11.15"]
[EventType "team-swiss"]
[EventRounds "11"]
[EventCountry "ENG"]
[SourceTitle "EXT 2016"]
[Source "ChessBase"]
[SourceDate "2015.10.08"]
[SourceVersion "1"]
[SourceVersionDate "2015.10.08"]
[SourceQuality "1"]
[WhiteTeam "e2e4.org.uk"]
[BlackTeam "Oxford"]
[WhiteTeamCountry "ENG"]
[BlackTeamCountry "ENG"]

1. d4 d6 2. e4 g6 3. c4 Bg7 4. Nc3 Nd7 5. Be3 b6 6. f3 e6 7. Bd3 Ne7 8. Nge2 h6 9. 0-0 0-0 10. Qd2 Kh7 11. Ng3 e5 12. d5 Nc5 13. Bc2 f5 14. exf5 Nxf5 15. Nxf5 Bxf5 16. b4 Nd7 17. Ne4 a5 18. a3 Nf6 19. Kh1 Bxe4 20. fxe4 Ng4 21. Bg1 Qh4 22. g3 Qh3 23. Rxf8 Bxf8 24. Qc3 Be7 25. Qf3 Kg7 26. Rb1 axb4 27. axb4 h5 28. Bb3 Ra3 29. Qg2 Qxg2+ 30. Kxg2 Nf6 31. Kf3 g5 32. Ke3 g4 33. Kd3 Nh7 34. Be3 Bg5 35. Bf2 Nf6 36. c5 bxc5 37. bxc5 Kf7 38. cxd6 cxd6 39. Be1 Ra6 40. Bb4 h4 41. gxh4 Bf4 42. Bd1 Rb6 43. Rb2 Bxh2 44. Kc4 Bf4 45. Ra2 Nxe4 46. Bxg4 Nf6 47. Be6+ Kg6 48. Ra8 e4 49. Bc3 Rb1 50. Bxf6 e3 51. Bc3 e2 52. Rg8+ Kh6 53. Bf5 1-0

[Event "BCF-chT1d 1314 (4NCL) Demotion pool"]
[Site "England"]
[Date "2014.05.04"]
[Round "10.164"]
[White "Rose, Matthew"]
[Black "Varnam, Liam"]
[Result "1-0"]
[WhiteElo "2309"]
[BlackElo "2120"]
[PlyCount "115"]
[EventDate "2013.11.16"]
[EventType "team-tourn"]
[EventRounds "4"]
[EventCountry "ENG"]
[SourceTitle "EXT 2015"]
[Source "ChessBase"]
[SourceDate "2014.11.20"]
[SourceVersion "1"]
[SourceVersionDate "2014.11.20"]
[SourceQuality "1"]
[WhiteTeam "Oxford"]
[BlackTeam "Grantham Sharks II"]
[WhiteTeamCountry "ENG"]
[BlackTeamCountry "ENG"]

1. e4 c5 2. Nf3 Nc6 3. c3 Nf6 4. e5 Nd5 5. d4 cxd4 6. cxd4 e6 7. Bc4 d6 8. 0-0 dxe5 9. dxe5 Be7 10. Qe2 Nb6 11. Bb3 0-0 12. Nc3 Na5 13. Bc2 f5 14. exf6 gxf6 15. Bh6 Rf7 16. Rfd1 Bd7 17. Nd4 Qc8 18. Rd3 f5 19. Rg3+ Kh8 20. Nf3 Bf6 21. Ne5 Re7 22. Rd1 Qe8 23. Bg5 Qf8 24. Nxd7 Rxd7 25. Rxd7 Nxd7 26. Qb5 Bxg5 27. Rxg5 Qd8 28. Rg3 a6 29. Qb4 Rc8 30. Rd3 Nc6 31. Qxb7 Nce5 32. Rd1 Rb8 33. Qxa6 Rxb2 34. Bb3 Qh4 35. Qc8+ Kg7 36. Rxd7+ Nxd7 37. Qxd7+ Kf8 38. Qd6+ Kg7 39. Qe5+ Qf6 40. f4 Qxe5 41. fxe5 Kf7 42. Kf1 h5 43. Ne2 Rb1+ 44. Kf2 Rb2 45. Kf3 Rb1 46. Nd4 Rf1+ 47. Ke2 Rf4 48. Bxe6+ Ke7 49. Kd3 Rf2 50. Bd5 h4 51. Ke3 Rf1 52. a4 Ke8 53. h3 Kf8 54. Nf3 Ra1 55. Bc6 Rc1 56. Bb5 Ke7 57. Kf4 Ke6 58. Nxh4 1-0

[Event "BCF-chT1a 1314 (4NCL)"]
[Site "England"]
[Date "2014.02.16"]
[Round "6.142"]
[White "Ghasi, Ameet K"]
[Black "Rose, Matthew"]
[Result "1/2-1/2"]
[WhiteElo "2466"]
[BlackElo "2309"]
[PlyCount "94"]
[EventDate "2013.11.16"]
[EventType "team-tourn"]
[EventRounds "7"]
[EventCountry "ENG"]
[SourceTitle "EXT 2015"]
[Source "ChessBase"]
[SourceDate "2014.11.20"]
[SourceVersion "1"]
[SourceVersionDate "2014.11.20"]
[SourceQuality "1"]
[WhiteTeam "Grantham Sharks"]
[BlackTeam "Oxford"]
[WhiteTeamCountry "ENG"]
[BlackTeamCountry "ENG"]

1. Nf3 Nf6 2. g3 g6 3. Bg2 Bg7 4. 0-0 0-0 5. d4 d5 6. Nbd2 Nc6 7. c4 a5 8. cxd5 Nxd5 9. Nc4 Bg4 10. Nfe5 Nxe5 11. Nxe5 Be6 12. f4 c6 13. e4 Nb6 14. Be3 Nc4 15. Nxc4 Bxc4 16. Rf2 Qd7 17. Rc1 Ba6 18. Rd2 Qe6 19. b3 Rfd8 20. e5 Rac8 21. g4 Qd7 22. d5 cxd5 23. Rxd5 Qe8 24. Rxc8 Rxc8 25. Rd7 g5 26. Bxb7 Bxb7 27. Rxb7 gxf4 28. Bxf4 Qc6 29. Rd7 Bf8 30. Be3 Qe4 31. Kf2 Qxe5 32. Rd5 Qxh2+ 33. Kf3 Qh3+ 34. Kf2 Rc2+ 35. Rd2 Rc6 36. g5 Qh4+ 37. Kg2 Re6 38. Qf3 h6 39. Rf2 Qe4 40. Qxe4 Rxe4 41. Kf3 Re6 42. Rc2 hxg5 43. Bxg5 Bg7 44. Rc5 a4 45. bxa4 Bd4 46. Rc4 Bb6 47. Re4 Kf8 1/2-1/2

[Event "BCF-chT2c 1213 (4NCL) Promotion pool"]
[Site "England"]
[Date "2013.05.04"]
[Round "9.14"]
[White "Rose, Matthew"]
[Black "Weller, Pierre"]
[Result "1-0"]
[WhiteElo "2303"]
[BlackElo "2124"]
[PlyCount "49"]
[EventDate "2012.11.13"]
[EventType "team-tourn"]
[EventRounds "4"]
[EventCountry "ENG"]
[SourceTitle "EXT 2014"]
[Source "ChessBase"]
[SourceDate "2013.11.20"]
[SourceVersion "1"]
[SourceVersionDate "2013.11.20"]
[SourceQuality "1"]
[WhiteTeam "Oxford"]
[BlackTeam "White Rose II"]
[WhiteTeamCountry "ENG"]
[BlackTeamCountry "ENG"]

1. e4 e6 2. d4 d5 3. Nd2 Be7 4. Ngf3 Nf6 5. e5 Nfd7 6. Bd3 c5 7. c3 Nc6 8. 0-0 g5 9. dxc5 Nxc5 10. Bb5 Nd7 11. Re1 a6 12. Ba4 b5 13. Bc2 g4 14. Nd4 Ncxe5 15. f4 gxf3 16. N2xf3 Ng6 17. Bh6 Qb6 18. Kh1 Bb7 19. a4 b4 20. a5 Qd6 21. cxb4 Qxb4 22. Ba4 Qd6 23. Ra3 Bf8 24. Bg5 e5 25. Rb3 1-0

[Event "BCF-chT2a 1213 (4NCL)"]
[Site "England"]
[Date "2013.01.13"]
[Round "4.12"]
[White "Crouch, Colin S"]
[Black "Rose, Matthew"]
[Result "0-1"]
[WhiteElo "2388"]
[BlackElo "2303"]
[PlyCount "78"]
[EventDate "2012.11.03"]
[EventType "team-tourn"]
[EventRounds "7"]
[EventCountry "ENG"]
[SourceTitle "EXT 2014"]
[Source "ChessBase"]
[SourceDate "2013.11.20"]
[SourceVersion "1"]
[SourceVersionDate "2013.11.20"]
[SourceQuality "1"]
[WhiteTeam "Grantham Pandora's Box"]
[BlackTeam "Oxford"]
[WhiteTeamCountry "ENG"]
[BlackTeamCountry "ENG"]

1. d4 Nf6 2. c4 g6 3. f3 Bg7 4. e4 d6 5. Ne2 0-0 6. Be3 c5 7. Qd2 Nc6 8. Nbc3 Qa5 9. Rd1 a6 10. a3 e6 11. Nb1 Qxd2+ 12. Rxd2 d5 13. dxc5 dxe4 14. Nec3 exf3 15. gxf3 e5 16. Kf2 Bf5 17. Bd3 Bxd3 18. Rxd3 e4 19. Nxe4 Nxe4+ 20. fxe4 Ne5 21. Rb3 f5 22. Rxb7 Rad8 23. Bg5 Rde8 24. Re7 Nd3+ 25. Ke3 Nxc5 26. Nd2 h6 27. Bh4 g5 28. Rxe8 Rxe8 29. Bf2 Bxb2 30. Rb1 Bxa3 31. Rb6 Nxe4 32. Nxe4 Bc5+ 33. Kd2 Bxb6 34. Nf6+ Kf7 35. Nxe8 Bxf2 36. Nc7 a5 37. Kd3 Bc5 38. Na6 Bg1 39. h3 Ke6 0-1

[Event "BCF-chTb 1112 (4NCL)"]
[Site "England"]
[Date "2011.11.13"]
[Round "2.3"]
[White "Rose, Matthew"]
[Black "Thorfinnsson, Bragi"]
[Result "0-1"]
[WhiteElo "2282"]
[BlackElo "2426"]
[PlyCount "76"]
[EventDate "2011.11.12"]
[EventType "team-tourn"]
[EventRounds "7"]
[EventCountry "ENG"]
[SourceTitle "EXT 2013"]
[Source "ChessBase"]
[SourceDate "2012.11.22"]
[SourceVersion "1"]
[SourceVersionDate "2012.11.22"]
[SourceQuality "1"]
[WhiteTeam "Oxford"]
[BlackTeam "Jutes of Kent"]
[WhiteTeamCountry "ENG"]
[BlackTeamCountry "ENG"]

1. e4 c5 2. c3 d5 3. exd5 Qxd5 4. d4 g6 5. Nf3 Bg7 6. Na3 cxd4 7. Bc4 Qe4+ 8. Be3 Nh6 9. cxd4 0-0 10. Nb5 Nc6 11. Nc3 Qg4 12. h3 Qh5 13. Qd2 Ng4 14. 0-0 Nxe3 15. fxe3 Qa5 16. a3 e6 17. b4 Qd8 18. Rad1 b6 19. Qa2 Qe7 20. e4 Bb7 21. e5 a5 22. b5 Na7 23. Kh1 Rac8 24. Na4 Qc7 25. Rc1 Bxf3 26. Rxf3 Nxb5 27. Qb2 Nxd4 28. Qxd4 b5 29. Rfc3 bxc4 30. Rxc4 Qb8 31. Rxc8 Rxc8 32. Rxc8+ Qxc8 33. Nc5 Bf8 34. Nd7 Bxa3 35. Nf6+ Kg7 36. Kh2 Qc5 37. Qf4 Bc1 38. Qe4 Qe3 0-1

[Event "BCF-chT1b 1011 (4NCL)"]
[Site "England"]
[Date "2011.02.19"]
[Round "5.15"]
[White "Rose, Matthew"]
[Black "Arakhamia Grant, Ketevan"]
[Result "0-1"]
[WhiteElo "2276"]
[BlackElo "2458"]
[PlyCount "80"]
[EventDate "2010.11.06"]
[EventType "team-tourn"]
[EventRounds "7"]
[EventCountry "ENG"]
[SourceTitle "EXT 2012"]
[Source "ChessBase"]
[SourceDate "2011.11.24"]
[SourceVersion "1"]
[SourceVersionDate "2011.11.24"]
[SourceQuality "1"]
[WhiteTeam "Oxford"]
[BlackTeam "Hilsmark Kingfisher"]
[WhiteTeamCountry "ENG"]
[BlackTeamCountry "ENG"]

1. e4 c5 2. c3 g6 3. d4 cxd4 4. cxd4 d5 5. e5 Nc6 6. Nc3 Nh6 7. Bb5 Bg7 8. Nge2 0-0 9. Qb3 Nf5 10. Be3 Be6 11. Rd1 Na5 12. Qb4 Nxe3 13. fxe3 Bf5 14. Nf4 e6 15. 0-0 Rc8 16. Be2 Re8 17. Rc1 Bf8 18. Qa4 Nc4 19. Bxc4 Rxc4 20. Qxa7 Qd7 21. e4 Rxc3 22. Rxc3 dxe4 23. Qb6 Rd8 24. h3 h5 25. Rd1 Bh6 26. Rc7 Qa4 27. b3 Qxa2 28. Rxb7 Rf8 29. Rf1 Qd2 30. Rb8 Bxf4 31. Rxf8+ Kxf8 32. Qd8+ Kg7 33. Qf6+ Kg8 34. Qd8+ Kh7 35. Qe7 Qxd4+ 36. Kh1 Bxe5 37. Qxf7+ Bg7 38. Qc7 e3 39. Qg3 e2 40. Re1 Bd3 0-1

[Event "BCF-chT1a 0910 (4NCL)"]
[Site "England"]
[Date "2009.10.24"]
[Round "1.2"]
[White "Rose, Matthew"]
[Black "Trent, Lawrence"]
[Result "1-0"]
[WhiteElo "2282"]
[BlackElo "2454"]
[PlyCount "59"]
[EventDate "2009.10.24"]
[EventType "team-tourn"]
[EventRounds "7"]
[EventCountry "ENG"]
[SourceTitle "EXT 2011"]
[Source "ChessBase"]
[SourceDate "2010.11.26"]
[SourceVersion "1"]
[SourceVersionDate "2010.11.26"]
[SourceQuality "1"]
[WhiteTeam "Oxford"]
[BlackTeam "Wood Green Hilsmark Kingfisher"]
[WhiteTeamCountry "ENG"]
[BlackTeamCountry "ENG"]

1. e4 e5 2. Nc3 Nf6 3. Bc4 Nc6 4. d3 Na5 5. Nge2 Be7 6. a3 Nxc4 7. dxc4 d6 8. Qd3 0-0 9. Ng3 g6 10. Bg5 Be6 11. h4 c6 12. h5 Qb6 13. Rh4 Ng4 14. Rxg4 Bxg5 15. Rxg5 h6 16. Rf5 gxf5 17. exf5 Bc8 18. Nge4 Qd4 19. Qg3+ Kh8 20. Rd1 Qxc4 21. Rxd6 f6 22. Qg6 Bxf5 23. Qxf5 Qg8 24. Nxf6 Qg7 25. Nce4 Rad8 26. Rxd8 Rxd8 27. Qxe5 Rf8 28. g3 Rf7 29. f4 Re7 30. Qb8+ 1-0

[Event "BCF-chT2c 0809 (4NCL) Promotion pool"]
[Site "Hinckley Island"]
[Date "2009.03.22"]
[Round "8.2"]
[White "Hynes, Anthony"]
[Black "Rose, Matthew"]
[Result "0-1"]
[WhiteElo "2243"]
[BlackElo "2261"]
[PlyCount "52"]
[EventDate "2008.10.04"]
[EventType "team-tourn"]
[EventRounds "4"]
[EventCountry "ENG"]
[SourceTitle "EXT 2010"]
[Source "ChessBase"]
[SourceDate "2010.11.25"]
[SourceVersion "1"]
[SourceVersionDate "2010.11.25"]
[SourceQuality "1"]
[WhiteTeam "Warwicks Select"]
[BlackTeam "Oxford"]
[WhiteTeamCountry "ENG"]
[BlackTeamCountry "ENG"]

1. e4 c5 2. Nf3 d6 3. d4 Nf6 4. Nc3 cxd4 5. Nxd4 Nc6 6. Bc4 e5 7. Nde2 Be6 8. Bb3 Be7 9. 0-0 0-0 10. Kh1 Rc8 11. f4 Na5 12. f5 Bc4 13. Bxc4 Nxc4 14. b3 Nb6 15. Bb2 d5 16. Ng3 dxe4 17. Qe2 Qc7 18. Rac1 a6 19. Ncxe4 Nxe4 20. Nxe4 f6 21. c4 Rfd8 22. c5 Nd5 23. Rfd1 Qc6 24. Ba3 Nf4 25. Qc4+ Kh8 26. g3 Nh3 0-1

[Event "BCF-chT2a 0809 (4NCL)"]
[Site "Hinckley Island"]
[Date "2009.01.18"]
[Round "6.2"]
[White "Rose, Matthew"]
[Black "Harley, Andrew D"]
[Result "1/2-1/2"]
[WhiteElo "2261"]
[BlackElo "2212"]
[PlyCount "107"]
[EventDate "2008.10.04"]
[EventType "team-tourn"]
[EventRounds "7"]
[EventCountry "ENG"]
[SourceTitle "EXT 2010"]
[Source "ChessBase"]
[SourceDate "2010.11.25"]
[SourceVersion "1"]
[SourceVersionDate "2010.11.25"]
[SourceQuality "1"]
[WhiteTeam "Oxford"]
[BlackTeam "Poisoned Pawns"]
[WhiteTeamCountry "ENG"]
[BlackTeamCountry "ENG"]

1. e4 e6 2. d4 d5 3. Nd2 c5 4. exd5 Qxd5 5. Ngf3 cxd4 6. Bc4 Qd6 7. 0-0 Nf6 8. Nb3 Nc6 9. Nbxd4 Nxd4 10. Nxd4 a6 11. Re1 Qc7 12. Bb3 Bd6 13. h3 0-0 14. Bg5 Bh2+ 15. Kh1 Be5 16. c3 h6 17. Nf3 Rd8 18. Qc1 hxg5 19. Nxe5 Nd5 20. g3 f6 21. Ng4 Kh8 22. Qc2 Ne7 23. Rad1 e5 24. Rxd8+ Qxd8 25. Rd1 Qb6 26. Qd2 Bf5 27. Kh2 Nc6 28. Ne3 Rd8 29. Qe2 Bg6 30. Rxd8+ Qxd8 31. Bd5 Qb6 32. b4 Ne7 33. Bg2 a5 34. a3 axb4 35. axb4 Qc7 36. Qc4 Qxc4 37. Nxc4 Bd3 38. Nb2 Ba6 39. Na4 Bb5 40. Nb6 Bc6 41. c4 Kg8 42. b5 Bxg2 43. Kxg2 Kf7 44. c5 Ke6 45. Kf3 Nf5 46. Ke4 Nd4 47. f4 gxf4 48. gxf4 f5+ 49. Ke3 Nxb5 50. fxe5 Kxe5 51. Nc4+ Kd5 52. Na5 Kxc5 53. Nxb7+ Kc6 54. Kf4 1/2-1/2

[Event "BCF-chT2a 0809 (4NCL)"]
[Site "Hinckley Island"]
[Date "2008.12.06"]
[Round "3.2"]
[White "Rose, Matthew"]
[Black "Burrows, Martin P"]
[Result "1-0"]
[WhiteElo "2249"]
[BlackElo "2216"]
[PlyCount "57"]
[EventDate "2008.10.04"]
[EventType "team-tourn"]
[EventRounds "7"]
[EventCountry "ENG"]
[SourceTitle "EXT 2010"]
[Source "ChessBase"]
[SourceDate "2010.11.25"]
[SourceVersion "1"]
[SourceVersionDate "2010.11.25"]
[SourceQuality "1"]
[WhiteTeam "Oxford"]
[BlackTeam "Pandoras Box"]
[WhiteTeamCountry "ENG"]
[BlackTeamCountry "ENG"]

1. e4 c5 2. c3 d5 3. exd5 Qxd5 4. d4 e6 5. Nf3 Nf6 6. Be3 cxd4 7. cxd4 Nc6 8. Nc3 Qd6 9. Bd3 Be7 10. 0-0 0-0 11. a3 b6 12. Qe2 Bb7 13. Rad1 Rad8 14. Rfe1 Rfe8 15. Bb1 Qb8 16. Bg5 Nd5 17. Qe4 g6 18. Qh4 Rd7 19. Nxd5 Rxd5 20. Ba2 Rd7 21. Rxe6 Bxg5 22. Rxe8+ Qxe8 23. Nxg5 h5 24. Ne4 Kf8 25. Nf6 Qd8 26. Nxd7+ Qxd7 27. Qf6 Nd8 28. Re1 Bd5 29. Qh8# 1-0

[Event "BCF-chT2a 0809 (4NCL)"]
[Site "Hinckley Island"]
[Date "2008.10.05"]
[Round "2.2"]
[White "Rose, Matthew"]
[Black "Ynojosa Aponte, Felix Jose"]
[Result "1-0"]
[WhiteElo "2249"]
[BlackElo "2145"]
[PlyCount "91"]
[EventDate "2008.10.04"]
[EventType "team-tourn"]
[EventRounds "7"]
[EventCountry "ENG"]
[SourceTitle "EXT 2010"]
[Source "ChessBase"]
[SourceDate "2010.11.25"]
[SourceVersion "1"]
[SourceVersionDate "2010.11.25"]
[SourceQuality "1"]
[WhiteTeam "Oxford"]
[BlackTeam "Barbican Youth"]
[WhiteTeamCountry "ENG"]
[BlackTeamCountry "ENG"]

1. e4 c5 2. c3 Nf6 3. e5 Nd5 4. d4 cxd4 5. Nf3 d6 6. Bc4 Nb6 7. Bb3 Nc6 8. cxd4 d5 9. Nh4 Nc4 10. Nc3 a6 11. 0-0 e6 12. g3 Be7 13. Nf3 b5 14. Bc2 b4 15. Na4 a5 16. b3 Nb6 17. Nc5 Bxc5 18. dxc5 Nd7 19. Be3 Qc7 20. Re1 Bb7 21. Rc1 Ndxe5 22. Nd4 Nxd4 23. Bxd4 Nd7 24. c6 Bxc6 25. Bxg7 Rg8 26. Qd4 Nf8 27. Bd3 Qd7 28. Rc5 f5 29. Bxf8 Rxf8 30. Rec1 Qa7 31. Qe5 Bd7 32. Rc7 Qb8 33. Qd6 Rf7 34. Rxd7 Rxd7 35. Qxe6+ Re7 36. Qg8+ Kd7 37. Qxd5+ Ke8 38. Qg8+ Kd7 39. Bxf5+ Kd6 40. Qg5 Rf7 41. Qh6+ Ke7 42. Re1+ Kd8 43. Qd2+ Kc7 44. Rc1+ Kb6 45. Qd4+ Kb5 46. Bd3# 1-0

[Event "BCF-chT4 0708 (4NCL)"]
[Site "England"]
[Date "2007.11.25"]
[Round "4.1"]
[White "Byron, Alan M"]
[Black "Rose, Matthew"]
[Result "0-1"]
[WhiteElo "2217"]
[BlackElo "2233"]
[PlyCount "94"]
[EventDate "2007.09.15"]
[EventType "team-swiss"]
[EventRounds "11"]
[EventCountry "ENG"]
[SourceTitle "EXT 2009"]
[Source "ChessBase"]
[SourceDate "2008.11.26"]
[SourceVersion "1"]
[SourceVersionDate "2008.11.26"]
[SourceQuality "1"]
[WhiteTeam "Littlehorpe"]
[BlackTeam "Oxford II"]
[WhiteTeamCountry "ENG"]
[BlackTeamCountry "ENG"]

1. c4 g6 2. Nc3 Bg7 3. g3 d6 4. Bg2 e5 5. e4 Be6 6. d3 Qd7 7. Be3 Nc6 8. Qd2 Nd4 9. Bxd4 exd4 10. Nce2 Ne7 11. f4 c5 12. Nf3 Bh3 13. Bxh3 Qxh3 14. Ng5 Qd7 15. 0-0 f5 16. Rae1 0-0 17. Nc1 Rfe8 18. Re2 b5 19. Qc2 h6 20. Nf3 Kh7 21. Rfe1 Rac8 22. b3 Qc6 23. cxb5 Qxb5 24. Qc4 Qc6 25. Nh4 fxe4 26. dxe4 d5 27. exd5 Nxd5 28. Rxe8 Rxe8 29. Rxe8 Qxe8 30. Qxd5 Qe1+ 31. Kg2 Qd2+ 32. Kh3 Qxc1 33. Qe4 Qf1+ 34. Kg4 h5+ 35. Kg5 Bh6+ 36. Kf6 Qa6+ 37. Kf7 Bg7 38. Nf3 Qd6 39. Ng5+ Kh6 40. Ke8 Qf8+ 41. Kd7 Bf6 42. h4 d3 43. Kc6 Qc8+ 44. Kd6 d2 45. Nf7+ Kg7 46. Qd5 Qf8+ 47. Kc6 Qa8+ 0-1

[Event "BCF-chT2 0506 (4NCL)"]
[Site "Birmingham"]
[Date "2006.04.29"]
[Round "9.2"]
[White "Kobese, Watu"]
[Black "Rose, Matthew"]
[Result "0-1"]
[WhiteElo "2390"]
[BlackElo "2219"]
[PlyCount "78"]
[EventDate "2005.10.22"]
[EventType "team"]
[EventRounds "11"]
[EventCountry "ENG"]
[SourceTitle "EXT 2007"]
[Source "ChessBase"]
[SourceDate "2006.11.23"]
[SourceVersion "1"]
[SourceVersionDate "2006.11.23"]
[SourceQuality "1"]
[WhiteTeam "White Rose"]
[BlackTeam "Oxford"]
[WhiteTeamCountry "ENG"]
[BlackTeamCountry "ENG"]

1. e4 c5 2. Nf3 d6 3. d4 cxd4 4. Nxd4 Nf6 5. Nc3 Nc6 6. Bc4 Qb6 7. Nb3 e6 8. Be3 Qc7 9. f4 a6 10. Bd3 b5 11. Qf3 Bb7 12. 0-0 Be7 13. Rae1 Nb4 14. a3 Nxd3 15. cxd3 0-0 16. Qh3 Rae8 17. g4 Nd7 18. f5 Qd8 19. Nd4 Nc5 20. Bf2 Bf6 21. Nc2 exf5 22. gxf5 Bxc3 23. bxc3 Qg5+ 24. Qg3 Qxg3+ 25. Bxg3 Nxd3 26. Rd1 Ne5 27. Rxd6 Nc4 28. Re1 Nxd6 29. Bxd6 Rxe4 30. Bxf8 Rxe1+ 31. Nxe1 Kxf8 32. Kf2 Be4 33. Ke3 Bxf5 34. Kd4 Ke7 35. Kc5 Be4 36. Kb6 Kd6 37. Kxa6 Kc5 38. Ka5 Kc4 39. Kb6 f5 0-1

[Event "BCF-chT2 0304 (4NCL)"]
[Site "West Bromwich"]
[Date "2004.01.17"]
[Round "3.1"]
[White "Rose, Matthew"]
[Black "Bellin, Robert"]
[Result "0-1"]
[WhiteElo "2223"]
[BlackElo "2385"]
[PlyCount "71"]
[EventDate "2003.11.17"]
[EventType "team"]
[EventRounds "11"]
[EventCountry "ENG"]
[SourceTitle "EXT 2005"]
[Source "ChessBase"]
[SourceDate "2004.11.15"]
[SourceVersion "1"]
[SourceVersionDate "2004.11.15"]
[SourceQuality "1"]
[WhiteTeam "Barbican III"]
[BlackTeam "Mindsports"]
[WhiteTeamCountry "ENG"]
[BlackTeamCountry "ENG"]

1. e4 c5 2. Nf3 d6 3. c3 Nf6 4. Be2 Nbd7 5. d3 b6 6. 0-0 Bb7 7. Nbd2 g6 8. d4 e5 9. dxe5 dxe5 10. Bb5 a6 11. Bxd7+ Nxd7 12. Nc4 Qc7 13. a4 b5 14. Ne3 Bg7 15. Nd5 Bxd5 16. Qxd5 Nb6 17. Qb3 c4 18. Qb4 Nxa4 19. Rxa4 bxa4 20. Rd1 Rc8 21. Rd5 f6 22. Be3 Bf8 23. Qxa4+ Qc6 24. Qa5 Be7 25. Bh6 Rd8 26. Nxe5 Rxd5 27. exd5 Qb5 28. Qxb5+ axb5 29. Nc6 g5 30. h4 Rg8 31. Nd4 Kf7 32. Nf5 Rd8 33. hxg5 Rxd5 34. Ne3 Rd2 35. Ng4 Rxb2 36. Nxf6 0-1